| 000 | 00575nam a2200157Ia 4500 | ||
|---|---|---|---|
| 008 | 170221s9999 xx 000 0 und d | ||
| 100 | _aChristos Giannoulis | ||
| 245 | _aEnvironmental Awareness: Environmental Accidents as an Example to be Avoided. A Summative International Analysis | ||
| 245 | _cChristos Giannoulis, Constantina Skanavis, Evgenia Karapatsiou | ||
| 260 | _bStudies in Media and Communication | ||
| 260 | _c2012 | ||
| 300 | _a3 : | ||
| 650 | _xCommunication | ||
| 650 | _xMedia Arts | ||
| 856 | _uhttp://redfame.com/journal/index.php/smc/issue/view/13 | ||
| 999 |
_c309061 _d309061 |
||